Critical essays on Indian english literature (Record no. 1395097)

MARC details
000 -LEADER
fixed length control field 00586nam a2200205Ia 4500
005 - DATE AND TIME OF LATEST TRANSACTION
control field 20250508165434.0
008 - FIXED-LENGTH DATA ELEMENTS--GENERAL INFORMATION
fixed length control field 008 250505s9999 xx 000 0 eng d
020 ## - INTERNATIONAL STANDARD BOOK NUMBER
International Standard Book Number 978-81-7625-938-5
037 ## - SOURCE OF ACQUISITION
Stock number Textual
040 ## - CATALOGING SOURCE
Original cataloging agency FEDL
Language of cataloging eng
Transcribing agency FEDL
041 ## - LANGUAGE CODE
Language code of text/sound track or separate title eng
Source of code eng
084 ## - COLON CLASSIFICATION NUMBER
Classification number 820.954, SUS
Assigning agency FEDL
100 ## - MAIN ENTRY--PERSONAL NAME
Personal name Sushma Bharti
9 (RLIN) 780850
245 #0 - TITLE STATEMENT
Title Critical essays on Indian english literature
260 ## - PUBLICATION, DISTRIBUTION, ETC.
Place of publication, distribution, etc. New Delhi, India
Name of publisher, distributor, etc. Swastik Publications
Date of publication, distribution, etc. 2014
300 ## - PHYSICAL DESCRIPTION
Extent vi, 248p.
365 ## - TRADE PRICE
Price type code INR
Price amount 850
942 ## - ADDED ENTRY ELEMENTS (KOHA)
Koha item type Textual
Classification part 820.954, SUS
Holdings
Withdrawn status Lost status Damaged status Not for loan Home library Current library Date acquired Cost, normal purchase price Total Checkouts Full call number Barcode Date last seen Price effective from Koha item type
        Department of Education Library Department of Education Library 2025-05-08 850.00   820.954, SUS EL0088735 2025-05-08 2025-05-08 Textual
Copyright @ Delhi University Library System